000 02679nam0a2200481 4500
001 RU\NLR\BIBL_A\011275502
005 20250626035025.0
020 _aRU
_9От Февраля к Октябрю: коллекция листовок/Рос. нац. б-ка
035 _a(NLR Aleph) 011275502
090 _a10844012
_c10844012
100 _a20161121d1917 |||y0rusy50 ca
101 0 _arus
102 _aRU
105 _ay z 000yy
135 _acrcn 024apada
200 1 _aГраждане! Приближается день, когда вы должны будете доказать свою гражданскую зрелость ...
_e[листовка]
210 _aБыхов [Могилевская губ.]
_cТипография Эпштейна
_d[1917, июль - до 6 августа]
215 _a[1] л.
_d50x22
300 _aПо краям листовки: Голосуйте за список N° 2
300 _aВ конце листовки: Помните, граждане, номер списка - N° 2
300 _aКоллекция листовок "От Февраля к Октябрю" (1 экз.)
316 _aЭкз. деф.: порван в середине листовки с частичной потерей текста
_5NLR
325 1 _aКопия доступна в Электронной библиотеке РНБ
327 1 _aО выборах в городскую думу Быхова
517 1 _aПриближается день, когда вы должны будете доказать свою гражданскую зрелость ...
540 1 _aГолосуйте за список N° 2
540 1 _aПомните, граждане, номер списка - N° 2
540 1 _aО выборах в городскую думу Быхова
540 1 _aОт Февраля к Октябрю
_eлистовки
606 1 _aОрганы местного самоуправления
_jЛистовки
_xВыборы
_z1917
_92277614
_3RU\NLR\AUTH\6601593246
607 _aРоссия
_jЛистовки
_xИстория
_z1917
_92250871
_3RU\NLR\AUTH\661350120
686 0 _aТ3(2)524.2,011
686 0 _aТ3(2)711.29-310,011
686 1 _aТ3(2Б-4Мо)711.1,011
712 0 2 _4570
_aБыховская городская дума
_9537375
_3RU\NLR\AUTH\880436550
852 0 0 _aNLR
_bФл
_jXIV/108
942 _cBOOK
980 _aNB
981 4 2 _a(42) 1917: от Февраля к Октябрю
_b(42) Листовки 1917 года